| 000 | 01074nas a2200289 4500 | ||
|---|---|---|---|
| 001 | BR8602110 | ||
| 003 | BR-BrBNA | ||
| 005 | 20231205090438.0 | ||
| 007 | ta | ||
| 008 | 230509b bl.|||p| |||| 00| 00por d | ||
| 040 |
_aBR-BrBNA _bpor _cBiblioteca Nacional de Agricultura |
||
| 041 | _a(Pt) | ||
| 072 | _aH10 | ||
| 100 | 1 | _aArrigoni, E. de B. | |
| 100 | 1 | _aNovaretti, W.R.T. | |
| 100 | 1 | _aSilva, W.M. da | |
| 100 | 1 | _aDinardo, L.L. | |
| 100 | 1 | _aRicci Junior, A. | |
| 245 | 1 | _aResultados preliminares do projeto de selecao de "seedlings" visando resistencia varietal ao nematoide Meloidogyne incognita (Kofoid e White, 1919)Chitwood, 1949 [Saccharum spp] | |
| 246 | 1 | _aPreliminary results of seedling screenings for resistance to Meloidogyne incognita (Kofoid White, 1919)Chitwood, 1949 | |
| 650 | _aCANA DE ACUCAR | ||
| 650 | _aNEMATOIDE | ||
| 650 | _aVARIEDADE RESISTENTE | ||
| 773 | 0 |
_tBoletim Tecnico COPERSUCAR (Brazil) _xISSN 0100-2996 _g(Jul 1985), (no. 31) p. 19-21 _wBR8602110 |
|
| 909 |
_a202311 _bLúcia _c55 _dLúcia Elande |
||
| 942 |
_2AGRIS _n0 _cANA |
||
| 999 |
_c118466 _d118466 |
||